| 000 | 00443cam a22001337a 4500 | ||
|---|---|---|---|
| 008 | 180718b1989 xxu||||| |||| 00| 0 eng d | ||
| 082 | _aU6x54 K541 | ||
| 245 |
_aDynamics of management of public enterprises _cedited by Waris R. Kidwai and Baldeo Sahai |
||
| 260 |
_aDelhi _bStandin Conference of Public Enterprises _c1989 |
||
| 300 | _a569p. | ||
| 650 | _aGovernment Enterprises - India | ||
| 700 | _aSahai, Baldeo | ||
| 700 | _aKidwai, Waris R. | ||
| 999 |
_c348136 _d348136 |
||